00398nam a2200145Ia 4500008004100000020001500041041001200056082001600068100001900084245008700103260002900190300000800219650000700227700001800234221030s9999 xx 000 0 und d a8120310055 aEnglish a105.23bInd aC. S. Indulkar 0aPower System Transients : A Statistical Approachcby C. S. Indulkar, D. P. Kothari bPHI PubaNew Delhic2003 a176 aEE aD. P. Kothari